| 000 | 00557nam a2200217 a 4500 | ||
|---|---|---|---|
| 003 | OSt | ||
| 005 | 20151103184007.0 | ||
| 008 | 020226s1995 esp 000 0 spa d | ||
| 020 | _a84-08-02496-5 | ||
| 040 | _cBMC | ||
| 082 | _a863 | ||
| 100 | 1 |
_aGonzález Delgado, Fernando _936585 |
|
| 245 | 1 | 3 |
_aLa mirada del otro _cFernando G. Delgado |
| 250 | _a23ª ed | ||
| 260 |
_aBarcelona _bPlaneta _c1998 |
||
| 300 |
_a298, [1] p. _c18 cm |
||
| 490 | _aBooket Oro | ||
| 500 | _aPremio Planeta 1995 | ||
| 650 | 2 | 4 |
_929289 _aNovela española |
| 942 |
_2ddc _cBK |
||
| 999 |
_c23129 _d23129 |
||